LEADER 01137nam a22002771i 4500 001 991002246949707536 005 20040220145208.0 008 040407s2000 it |||||||||||||||||ita 035 $ab12893390-39ule_inst 035 $aARCHE-087301$9ExL 040 $aDip.to Filologia Class. e Scienze Filosofiche$bita$cA.t.i. Arché s.c.r.l. Pandora Sicilia s.r.l. 082 04$a934.05 100 1 $aArrianus, Flavius$04213 245 12$aL'Indiké di Arriano :$bintroduzione, testo, traduzione e commento /$cNicola Biffi 260 $aBari :$bEdipuglia,$c2000 300 $a261 p. ;$c24 cm 440 0$aQuaderni di Invigilata lucernis ;$v11 500 $aTesto greco a fronte 600 14$aArriano, Flavio.$tHistoria Indica 700 1 $aBiffi, Nicola$eauthor$4http://id.loc.gov/vocabulary/relators/aut$0387709 907 $a.b12893390$b02-04-14$c16-04-04 912 $a991002246949707536 945 $aLE007 880.1 Arrianus Flavius 2000-01$g1$i2007000065693$lle007$o-$pE0.00$q-$rl$s- $t0$u1$v0$w1$x0$y.i13457573$z16-04-04 996 $aIndiké di Arriano$91448814 997 $aUNISALENTO 998 $ale007$b16-04-04$cm$da $e-$fita$git $h2$i1 LEADER 03909nam 2200385 450 001 9910688449703321 005 20230624093558.0 035 $a(CKB)5400000000040279 035 $a(NjHacI)995400000000040279 035 $a(EXLCZ)995400000000040279 100 $a20230624d2020 uy 0 101 0 $aeng 135 $aur||||||||||| 181 $ctxt$2rdacontent 182 $cc$2rdamedia 183 $acr$2rdacarrier 200 10$aAtheist's Bible $eDiderot's E?le?ments de physiologie /$fCaroline Warman 210 1$aCambridge :$cOpen Book Publishers,$d2020. 210 4$d©2020 215 $a1 online resource (x, 428 pages) $cillustrations (some color) 311 $a1-78374-901-6 320 $aIncludes bibliographical references and index. 327 $aIntro -- Contents -- For Leo and Viola -- Preface -- 1. Introduction: The Curious Materialist -- 2. 'Toutes les imperfections de l'inache?vement': The Mystification about the Manuscript Fragments -- 3. Material World and Embodied Mind -- 4. Diderot the Physiologist -- 5. 1790: Naigeon and the Adresse a? l'Assemble?e nationale -- 6. 1792: Naigeon's Article on 'Diderot' in the Encyclope?die me?thodique: Philosophie ancienne et moderne -- 7. 1794: 'Le citoyen Garron', the Comite? d'instruction publique, and the Lost Manuscript of the E?le?ments de physiologie -- 8. 1794-95: Garat and the E?cole normale 9. 1796-97: Cabanis and Destutt de Tracy at the Institut national -- 10. 1798, 1802: Naigeon, the ?uvres de Diderot, and the Censored Preface to Montaigne -- 11. 1820: Garat's Me?moires historiques sur la vie de M. Suard, sur ses e?crits, et sur le XVIIIe sie?cle -- 12. 1823: Naigeon's Me?moires historiques et philosophiques sur la vie et les ouvrages de Denis Diderot -- 13. Conclusion -- Acknowledgements -- Bibliography -- Index -- About the Team. 330 $a'Love is harder to explain than hunger, for a piece of fruit does not feel the desire to be eaten': Denis Diderot's E?le?ments de physiologie presents a world in flux, turning on the relationship between man, matter and mind. In this late work, Diderot delves playfully into the relationship between bodily sensation, emotion and perception, and asks his readers what it means to be human in the absence of a soul. The Atheist's Bible challenges prevailing scholarly views on Diderot's E?le?ments, asserting its contemporary philosophical importance, and prompting its readers to inspect more closely this little-known and little-studied work. In this timely volume, Warman establishes the place of Diderot's E?le?ments in the trajectory of materialist theories of nature and the mind stretching back to Epicurus and Lucretius, and explores the fascinating reasons behind scholarly neglect of this seminal work. In turn, Warman outlines the hitherto unacknowledged dissemination and reception of Diderot's E?le?ments, demonstrating how Diderot's E?le?ments was circulated in manuscript-form as early as the 1790s, thus showing how the text came to influence the next generations of materialist thinkers. This book is accompanied by a digital edition of Jacques-Andre? Naigeon's Me?moires historiques et philosophiques sur la vie et les ouvrages de Denis Diderot (1823), a work which, Warman argues, represents the first publication of Diderot's E?le?ments, long before its official publication date of 1875. The Atheist's Bible constitutes a major contribution to the field of Diderot studies, and will be of further interest to scholars and students of materialist natural philosophy in the Age of Enlightenment and beyond. 517 $aAtheist's Bible 606 $aMaterialism 615 0$aMaterialism. 676 $a146.3 700 $aWarman$b Caroline$0441850 801 0$bNjHacI 801 1$bNjHacl 906 $aBOOK 912 $a9910688449703321 996 $aAtheist's Bible$93391561 997 $aUNINA LEADER 03819nam 2200841Ia 450 001 9910972278803321 005 20251117084843.0 010 $a0-8195-7379-5 035 $a(CKB)2670000000241908 035 $a(EBL)1021445 035 $a(SSID)ssj0000720826 035 $a(PQKBManifestationID)11434185 035 $a(PQKBTitleCode)TC0000720826 035 $a(PQKBWorkID)10687203 035 $a(PQKB)10961389 035 $a(OCoLC)812178389 035 $a(MdBmJHUP)muse23598 035 $a(Au-PeEL)EBL1021445 035 $a(CaPaEBR)ebr10602522 035 $a(OCoLC)854968824 035 $a(MiAaPQ)EBC1021445 035 $a(MiAaPQ)EBC31896926 035 $a(Au-PeEL)EBL31896926 035 $a(OCoLC)1555345758 035 $a(EXLCZ)992670000000241908 100 $a20041015d2005 uy 0 101 0 $aeng 135 $aur||||||||||| 181 $ctxt$2rdacontent 182 $cc$2rdamedia 183 $acr$2rdacarrier 200 10$aHistoriography in the twentieth century $efrom scientific objectivity to the postmodern challenge, with a new epilogue by the author /$fGeorg G. Iggers 205 $a2nd ed. 210 1$aMiddletown, CT :$cWesleyan University Press,$d2005. 210 4$d©2005. 215 $a1 online resource (209 pages) 300 $aOriginially published: Hanover, NH : Wesleyan/University Press of New England, c1997. 300 $aAn expanded English version of: Geschichtswissenschaft im 20. Jahrhundert. c1993. 311 08$a0-8195-6766-3 320 $aIncludes bibliographical references (p. 161-188) and index. 327 $aPART I: The early phase: the emergence of history as a professional discipline -- 327 $a1. Classical historicism as a model for historical scholarship -- 327 $a2. The crisis of classical historicism -- 327 $a3. Economic and social history in Germany and the beginnings of historical sociology -- 327 $a4. American traditions of social history -- 327 $aPART II: The middle phase: the challenge of the social sciences -- 327 $a5. France: the Annales -- 327 $a6. Critical theory and social history: "historical social science" in the Federal Republic of Germany -- 327 $a7. Marxist historical science from historical materialism to critical anthropology -- 327 $aPART III: History and the challenge of postmodernism -- 327 $a8. Lawrence Stone and "the revival of narrative" -- 327 $a9. From macro- to microhistory: the history of everyday life -- 327 $a10. The "linguistic turn": the end of history as a scholarly discipline? -- 327 $a11. From the perspective of the 1990s -- 327 $aConcluding remarks -- 327 $aEpilogue: a retrospect at the beginning of the twenty-first century. 330 $aA broad perspective on historical thought and writing, with a new epilogue. 330 $a"In this book, now published in 10 languages, a preeminent intellectual historian examines the profound changes in ideas about the nature of history and historiography. Georg G. Iggers traces the basic assumptions upon which historical research and writing have been based, and describes how the newly emerging social sciences transformed historiography following World War II."--$cBook jacket 606 $aHistoriography$xHistory$y20th century 606 $aHistory$xMethodology 606 $aHistory$xPhilosophy 615 0$aHistoriography$xHistory 615 0$aHistory$xMethodology. 615 0$aHistory$xPhilosophy. 676 $a907.2 700 $aIggers$b Georg G.$0120669 801 0$bMiAaPQ 801 1$bMiAaPQ 801 2$bMiAaPQ 906 $aBOOK 912 $a9910972278803321 996 $aHistoriography in the twentieth century$9512096 997 $aUNINA